000 01018nam a22001937a 4500
005 20240312170245.0
010 _aB-758412-422
020 _a9789395020534
_c550.00
035 _aB-758412-422
037 _bविधा प्रकाशन
082 _a425
100 _aगौड, विक्रम
_963185
245 _aज्ञान उन्मेष सरस हिंदी व्याकरण/
_cडॉ. विक्रम गौड
260 _aऊधम सिंह नगर
_b विधा प्रकाशन
_c2023
270 _aवार्ड नं. 9 बाज्जापुर ,
_bउत्तरIखंड
_e262401
300 _a280 पृष्ठ
_c22 (अजिल्द)
942 _cHN
_2ddc
_h425
_mगौड
999 _c201361
_d201361